O sonho da vaca (Record no. 193054)

MARC details
000 -LÍDER
campo de controle de tamanho fixo 00329 a2200157 4500
001 - NÚMERO DE CONTROLE
campo de controle 193054
020 ## - ISBN - INTERNATIONAL STANDARD BOOK NUMBER
ISBN - International Standard Book Number 978-85-08-11129-9
040 ## - FONTE DA CATALOGAÇÃO
Instituição que transcreveu o registro Magnum
100 ## - ENTRADA PRINCIPAL--NOME PESSOAL
Nome pessoal Junqueira, Sonia
240 10 - TÍTULO UNIFORME
Título uniforme O sonho da vaca
Idioma da obra por
245 10 - TÍTULO
Título O sonho da vaca
300 ## - DESCRIÇÃO FÍSICA
Extensão 23
362 0# - DATAS DE PUBLICAÇÃO E/OU DESIGNAÇÃO SEQUENCIAL
Datas de publicação e/ou designação sequencial 2017
697 ## - ENTRADA DE ASSUNTO LOCAL--ENTIDADE COLETIVA (RLIN)
Nome corporativo ou nome da jurisdição LITERATURA INFANTO
942 ## - ELEMENTOS DE ENTRADA ADICIONADOS (KOHA)
Tipo de material Koha Livros
Holdings
Situação do descarte Situação das perdas Situação física Não pode ser emprestado Biblioteca de origem Biblioteca atual Data de aquisição Total de empréstimos Número de chamada completo Código de barras Data de último acesso Data do preço efetivo Tipo de material Koha
        Magnum Magnum 08/06/2024   869.1.1567 MAG00071987 08/06/2024 08/06/2024 Livros
        Magnum Magnum 08/06/2024   869.1.1567 MAG00071988 08/06/2024 08/06/2024 Livros
        Magnum Magnum 08/06/2024   869.1.1567 MAG00071989 08/06/2024 08/06/2024 Livros
        Magnum Magnum 08/06/2024   869.1.1567 MAG00075826 08/06/2024 08/06/2024 Livros
        Magnum Magnum 08/06/2024   869.1.1567 MAG00076623 08/06/2024 08/06/2024 Livros
        Magnum Magnum 08/06/2024   869.1.1567 MAG00076624 08/06/2024 08/06/2024 Livros